000 00652cam a2200229 a 4500
001 2030176
005 20231124020308.0
008 920115r1992 nyu b 001 0 eng
020 _a1557785627 (cloth) :
020 _a1557785635 (paper) :
040 _aDLC
_cDLC
_dDLC
082 0 0 _a305.42/01
_220
_bVAL.
100 1 _aBryson, Valerie,
245 1 0 _aFeminist political theory :
_ban introduction /
_cValerie Bryson ; foreword by Elizabeth Meehan.
260 _aNew York :
_bParagon House,
_c1992.
300 _axiii, 304 p. ;
650 0 _aFeminist theory.
650 0 _aPolitical science.
650 0 _aFeminism
650 0 _aFeminism
942 _cL
999 _c71
_d71